[Event "Moscow Region-ch"]
[Site "Kolomna"]
[Date "2015.10.21"]
[Round "8"]
[White "Zverev, Valentin"]
[Black "Alekseenko, Mariya"]
[Result "1-0"]
[WhiteElo "1622"]
[BlackElo "1374"]
[PlyCount "120"]
[EventDate "2015.10.16"]
[EventType "swiss"]
[EventRounds "9"]
[EventCountry "RUS"]
[SourceTitle "CBM 169 Extra"]
[Source "ChessBase"]
[SourceDate "2015.12.18"]
[SourceVersion "1"]
[SourceVersionDate "2015.12.18"]
[SourceQuality "1"]

1. d4 d5 2. Bf4 e6 3. Nf3 Nf6 4. Nbd2 Be7 5. e3 b6 6. Bd3 Bb7 7. c3 c5 8. Ne5 c4 9. Bc2 0-0 10. Qf3 Nbd7 11. Qh3 Re8 12. g4 g6 13. Ndf3 Nxe5 14. Nxe5 b5 15. Bg5 a5 16. f4 Ne4 17. Nxf7 Nxg5 18. Nxd8 Nxh3 19. Nxb7 Bh4+ 20. Ke2 Nf2 21. Rhg1 Ne4 22. Bxe4 dxe4 23. Nd6 Bf6 24. Nxe8 Rxe8 25. g5 Bg7 26. h4 Kf7 27. a4 Rb8 28. Kd2 b4 29. cxb4 Rxb4 30. Kc3 Ke7 31. h5 Kd6 32. hxg6 hxg6 33. Rh1 Kd5 34. Rh7 Rb3+ 35. Kc2 Bf8 36. Rh3 Bb4 37. Rg1 Bf8 38. Rh8 Bd6 39. Rg3 Bxf4 40. Rd8+ Kc6 41. Rc8+ Kd5 42. Rc5+ Kd6 43. Rxc4 Rxe3 44. Rxe3 Bxe3 45. Rc5 Bxd4 46. Rxa5 e3 47. Kd3 e5 48. b3 e4+ 49. Ke2 Ke6 50. Rb5 Kd6 51. Rb4 Kc5 52. Rxd4 Kxd4 53. a5 Kc5 54. Kxe3 Kb5 55. b4 Ka6 56. Kxe4 Kb5 57. Ke5 Ka6 58. Kf6 Kb5 59. Kxg6 Ka6 60. Kf7 Kb5 1-0